|
|
|
|
| LEADER |
00000cam a2200000 cc4500 |
| 001 |
139870857 |
| 003 |
DE-627 |
| 005 |
20240502133826.0 |
| 007 |
tu |
| 008 |
940306s1762 xx ||||| 00| ||ger c |
| 035 |
|
|
|a (DE-627)139870857
|
| 035 |
|
|
|a (DE-576)9139870855
|
| 035 |
|
|
|a (DE-599)GBV139870857
|
| 035 |
|
|
|a (OCoLC)832235934
|
| 040 |
|
|
|a DE-627
|b ger
|c DE-627
|e rakwb
|
| 041 |
|
|
|a ger
|h fre
|
| 044 |
|
|
|c XA-DXDE
|
| 084 |
|
|
|a 1
|2 ssgn
|
| 100 |
1 |
|
|0 (DE-588)118513915
|0 (DE-627)135374812
|0 (DE-576)208872698
|4 aut
|a Bossuet, Jacques Bénigne
|d 1627-1704
|
| 109 |
|
|
|a Bossiuet, Zhak 1627-1704
|a Bossuet évêque 1627-1704
|a Bossuet, Beningus 1627-1704
|a Bossuetus, Jacobus Benedictus 1627-1704
|a Bossuetus, Jacobus Benignus 1627-1704
|a Bossuet, Jayme Benigno 1627-1704
|a Bossuet, Jacobus Benignus Episcopus Meldensis 1627-1704
|a Bossuet évêque de Meaux 1627-1704
|a Bussuet 1627-1704
|a Bossuet, Jacobus-Benignus 1627-1704
|a Meaux Bishop of 1627-1704
|a Bossuet, Benigne 1627-1704
|a Bossuet, J. Benigno 1627-1704
|a Bossuet, Jacques-Bénigne 1627-1704
|a Benigno, Giacomo 1627-1704
|a Bossuet, Jacopo Beigno 1627-1704
|a Bosowet 1627-1704
|a Bossuet, Jacopo Benigno 1627-1704
|a Bossüet, James Benignus 1627-1704
|a Bossuet, Jacques Bénigne 1627-1704
|a Condom Monsieur 1627-1704
|a Bossuet, Jacob Bénigne 1627-1704
|a Bossuet, Jakob 1627-1704
|a Bossuet, Jacques 1627-1704
|a Bossuet, James Benigne 1627-1704
|a Bossuet, Jacobus Benignus 1627-1704
|a Bossuet, Jacques B. 1627-1704
|a Bossuetus, Jacobus Benignius 1627-1704
|a Bossuet, Jacob Benignus 1627-1704
|a Bossuet, Jakob Bénigne 1627-1704
|a Meaux Évêque de 1627-1704
|a Bossuet, Jakob Benignus 1627-1704
|a Bossuet, M. 1627-1704
|a Bénigne-Bossuet, Jacques 1627-1704
|a Condom, Jacques Bénigne Bossuet 1627-1704
|a Condom Bishop of 1627-1704
|a Meaux, Jacques Bénigne Bossuet 1627-1704
|a Posiwē, Hakovb Beninios 1627-1704
|a Meaux Monsieur de 1627-1704
|a Meaux Nonsieur de 1627-1704
|a Meaux, de Évêque 1627-1704
|a Posiwē ark´episkopos 1627-1704
|
| 245 |
1 |
0 |
|a Jacob Benignus Bossuet, Bischofs von Meaux, Einleitung in die Geschichte der Welt und der Religion
|n Vierte Fortsetzung oder Des Fünften Theils erster Band
|c fortgesetzet von Johann Andreas Cramer, Königl. Dänischem Hofprediger
|
| 246 |
3 |
3 |
|a Einleitung in die Geschichte der Welt und der Religion
|
| 264 |
|
1 |
|a Leipzig
|b Breitkopf
|c 1762
|
| 300 |
|
|
|a [8] Bl., 656 S.
|c 8°
|
| 336 |
|
|
|a Text
|b txt
|2 rdacontent
|
| 337 |
|
|
|a ohne Hilfsmittel zu benutzen
|b n
|2 rdamedia
|
| 338 |
|
|
|a Band
|b nc
|2 rdacarrier
|
| 500 |
|
|
|a In Fraktur
|
| 500 |
|
|
|a Vorlageform der Veröffentlichungsangabe: Leipzig, Verlegts Bernhard Christoph Breitkopf und Sohn
|
| 601 |
|
|
|a Bischof
|
| 601 |
|
|
|a Einleitung
|
| 601 |
|
|
|a Geschichte
|
| 601 |
|
|
|a Religion
|
| 652 |
|
|
|a TA
|
| 700 |
1 |
|
|0 (DE-588)118973258
|0 (DE-627)133880613
|0 (DE-576)210573031
|4 oth
|a Cramer, Johann Andreas
|d 1723-1788
|
| 700 |
1 |
|
|0 (DE-588)119355272
|0 (DE-627)157109267
|0 (DE-576)172950651
|4 prt
|a Breitkopf, Bernhard Christoph
|d 1695-1777
|
| 773 |
1 |
8 |
|a Jacob Benignus Bossuet, Bischofs von Meaux, Einleitung in die allgemeine Geschichte der Welt, bis auf Kaiser Carln den Großen Für den ehmaligen Dauphin von Frankreich abgefaßt
|w (DE-627)13987075X
|w (DE-576)9139870758
|g Theil 5, Bd. 1 = Forts. 4
|q 5,1.1762
|7 nnam
|
| 935 |
|
|
|a FRST
|a mteo
|a RFBW
|
| 951 |
|
|
|a MV
|
| ELC |
|
|
|b 1
|
| LOK |
|
|
|0 000 xxxxxcx a22 zn 4500
|
| LOK |
|
|
|0 001 4327679992
|
| LOK |
|
|
|0 003 DE-627
|
| LOK |
|
|
|0 004 139870857
|
| LOK |
|
|
|0 005 20240923083741
|
| LOK |
|
|
|0 008 230531||||||||||||||||ger|||||||
|
| LOK |
|
|
|0 040
|a DE-Tue135
|c DE-627
|d DE-Tue135
|
| LOK |
|
|
|0 092
|o n
|
| LOK |
|
|
|0 852
|a DE-Tue135
|
| LOK |
|
|
|0 852 1
|9 00
|
| LOK |
|
|
|0 866
|x SPQUE#Bibliothek der Franckeschen Stiftungen#SPSAM#Tholuck-Bibliothek#SPSYS#thol_systematik_V
|
| LOK |
|
|
|0 866
|x SPQUE#Reformationsgeschichtliche Forschungsbibliothek Wittenberg#SPSAM#Predigerseminar#SPUSM#Sammlung Heubner
|
| LOK |
|
|
|0 935
|a FRST
|a thol
|a RFBW
|a bips
|a pssh
|
| LOK |
|
|
|0 936ln
|0 1442053402
|a TA
|
| LOK |
|
|
|0 939
|a 31-05-23
|b l01
|
| ORI |
|
|
|a SA-MARC-ixtheoa001.raw
|
| REL |
|
|
|a 1
|
| SUB |
|
|
|a REL
|